000 00295nam a2200121 a 4500
005 20140414093834.0
008 030610s19uu xx 00 eng d
050 _aCDR 500
_bTHI 1996
245 _aThinkin' science.
650 _aScience
_xInteraction videos.
942 _cAVM
999 _c108941
_d108941